Oral medicine and pathology: a guide to diagnosis and management (Record no. 32266)
[ view plain ]
| 000 -LEADER | |
|---|---|
| fixed length control field | 00743nam a2200169 a 4500 |
| 008 - FIXED-LENGTH DATA ELEMENTS--GENERAL INFORMATION | |
| fixed length control field | 170503s2014 ||||||||||||||||| || u |
| 020 ## - INTERNATIONAL STANDARD BOOK NUMBER | |
| International Standard Book Number | 9789350252215 |
| 050 ## - LIBRARY OF CONGRESS CALL NUMBER | |
| Classification number | RC 815 war |
| 100 ## - MAIN ENTRY--PERSONAL NAME | |
| Personal name | Warnakulasuriya, Saman |
| 245 10 - TITLE STATEMENT | |
| Title | Oral medicine and pathology: a guide to diagnosis and management |
| Statement of responsibility, etc. | Edited By Saman Warnakulasuriya [and] W M Tilakaratne |
| 260 ## - PUBLICATION, DISTRIBUTION, ETC. | |
| Place of publication, distribution, etc. | New Delhi: |
| Name of publisher, distributor, etc. | Jaypee Brothers Medical publishers |
| Date of publication, distribution, etc. | 2014 |
| 300 ## - PHYSICAL DESCRIPTION | |
| Extent | xix, 563p.: ill. |
| 650 ## - SUBJECT ADDED ENTRY--TOPICAL TERM | |
| Topical term or geographic name entry element | MOUTH--PATHOPHYSIOLOGY |
| 650 ## - SUBJECT ADDED ENTRY--TOPICAL TERM | |
| Topical term or geographic name entry element | MOUTH--DISEASES--PATHOLOGY |
| 650 #7 - SUBJECT ADDED ENTRY--TOPICAL TERM | |
| Topical term or geographic name entry element | ORAL MEDICINE |
| Source of heading or term | fast |
| 995 ## - | |
| -- | MEDICAL LIBRARY OPEN ACCESS |
| -- | 904028 |
| -- | CBU-SCHOOL OF MEDICINE LIBRARY (Ndola) |
| -- | 96.00 |
| -- | RC 815 war |
| -- | AVAILABLE |
| -- | May 3, 2017 |
| -- | 904028 |
| -- | Medical Library Open Access Collection |
| 999 ## - | |
| -- | 32266 |
| -- | 32266 |
| Withdrawn status | Lost status | Source of classification or shelving scheme | Damaged status | Not for loan | Permanent Location | Current Location | Shelving location | Date acquired | Total Checkouts | Total Renewals | Full call number | Barcode | Date last seen | Date last checked out | Price effective from | Koha item type |
|---|---|---|---|---|---|---|---|---|---|---|---|---|---|---|---|---|
| CBU-SCHOOL OF MEDICINE LIBRARY, NDOLA. | CBU-SCHOOL OF MEDICINE LIBRARY, NDOLA. | 11/30/2022 | 7 | 4 | RC 815 war | 904028 | 12/02/2025 | 11/25/2025 | 11/30/2022 | MONOGRAPH |